000 00645nam a2200181Ia 4500
008 100920s9999 xx 000 0 und d
082 _b89681
_a--- न 05
100 _aअनु. ठाकूर अजित./कॉनेली मायकेल
245 _aसिटी ऑफ बोन्स.
260 _bमेहता पब्लिशिंग हाऊस, पुणे.
_c2005
300 _a358
_bसाधी
365 _b240
520 _aकादंबरी.
630 _aसिटी ऑफ बोन्स.
650 _aकादंबरी.
730 _aसिटी ऑफ बोन्स.
942 _cBOOK
999 _c730177
_d730174